Countries that Start with C - Alphabetical Order - Statistics

General Stats
  • This quiz has been taken 32 times
  • The average score is 12 of 15
Answer Stats
Country % Correct
Cambodia
100%
Cameroon
95%
Canada
89%
Chad
89%
Colombia
89%
Chile
84%
China
84%
Comoros
84%
Cyprus
84%
Croatia
79%
Cuba
79%
Cape Verde
74%
Central AfricanRepublic
74%
Czechia
74%
Costa Rica
68%
No matching quizzes found
Score Distribution
Percent of People with Each Score
Percentile by Number Answered
Your Score History
You have not taken this quiz